Julien Lieb - Le jeu [paroles] - Statistiques

Statistiques générales
  • Ce quiz a été pris 23 fois
  • Le résultat moyen est 85 sur 129
Statistiques - réponses
Réponse % Correct
je
100%
jeu
100%
joue
100%
si
100%
le
94%
à
88%
a
88%
ce
88%
de
88%
en
88%
flamme
88%
la
88%
les
88%
mon
88%
pour
88%
(pour
88%
que
88%
te
88%
temps
88%
tes
88%
y
88%
yeux
88%
c’est
82%
et
82%
ma
82%
mais
82%
pas
82%
ai
76%
âme
76%
armes
76%
baissent
76%
des
76%
j’ai
76%
j’en
76%
l’air ?
76%
larmes
76%
leur
76%
lumière
76%
me
76%
moi
76%
payer
76%
peau
76%
quitte
76%
quoi
76%
rallumer
76%
sèchent
76%
soir
76%
tu
76%
vois
76%
assez
71%
besoin
71%
dans
71%
du
71%
éclat
71%
est
71%
fin
71%
leurs
71%
monde
71%
nuit
71%
ou
71%
peut-être
71%
toi
71%
trop
71%
vieux
71%
bruit
65%
ça
65%
demandant
65%
ensemble
65%
faire
65%
fatigués
65%
fera
65%
finirais
65%
néons
65%
on
65%
prendre
65%
rien
65%
sais
65%
s’il
65%
tout
65%
avant
59%
bâteau ?
59%
bien
59%
bravo
59%
brûle
59%
brûler
59%
deux
59%
dois
59%
est-ce
59%
faut
59%
folie
59%
juste
59%
l’ombre
59%
mène
59%
minuit
59%
m’y
59%
poursuite
59%
secondes
59%
sillonne
59%
story
59%
tard
59%
tous
59%
toutes
59%
main
53%
pluie
53%
tôt
53%
filer
47%
laisse
47%
poste
47%
prendrais
47%
quand
47%
qu’il
47%
criera
41%
donner)
41%
sourire
41%
tends
41%
chaud
35%
chiens
35%
derrière
35%
dos
35%
mots
35%
m’tient
35%
tourne
35%
tournent
35%
cries
29%
mieux
29%
soleil
29%
l’amour
24%
miens
24%
oh
24%
Aucun quiz correspondant
Distribution des résultats
% des personnes avec chaque résultat
Percentile par nombre de réponses
Votre historique - résultats
Vous n’avez pas pris ce quiz